000 00621nam a2200205 a 4500
001 000024621
005 20200930023254.0
008 110127s2000 sp r 000 p spa d
020 _a9806315693
040 _aDO-SdBNP
_bspa
_cBNPHU
082 _aVe861.44
_bC339c
100 1 _aCasique, Teresa
_950489
245 1 0 _aCasa de polvo /
_cTeresa Casique.
260 _aCaracas, Venezuela :
_bFondo Editorial Pequeña Venecia ,
_c2000.
300 _a49 p. ;
_c22 cm.
490 1 _aPequeña Venecia
_v78
650 4 _aPoesía venezolana
_94230
650 4 _aLiteratura venezolana
_93816
830 0 _aPequeña Venecia
_v78
_950490
999 _c24114
_d24114